Roundtable on interim and confidence building measures in Central America. The Central American Crisis. Parte I /

Αποθηκεύτηκε σε:
Λεπτομέρειες βιβλιογραφικής εγγραφής
Κύριος συγγραφέας: Nort, Liisa
Συλλογικό Έργο: Central American Policy Alternatives, CAPA
Άλλοι συγγραφείς: Baranyi, Steven Leonard, Julie
Μορφή: Κείμενο
Έκδοση: Ottawa: CAPA
Ετικέτες: Προσθήκη ετικέτας
Δεν υπάρχουν, Καταχωρήστε ετικέτα πρώτοι!

MARC

LEADER 00000 a a2200000 04500
001 25486
003
040
090 |a 152702  
100 |a Nort, Liisa  
110 |a Central American Policy Alternatives  
245 |a Roundtable on interim and confidence building measures in Central America. The Central American Crisis. Parte I /  |c Central American Policy Alternatives  
260 |a Ottawa:   |b CAPA  
300 |a 108 p  
700 |a Baranyi, Steven   |a Leonard, Julie  
710 |a CAPA  
999 |c 9923  |d 9923